000 00887cam a2200229 4500
001 WB3812-05
008 020326n2002 000 0 eng u
035 _a(Sirsi) u117239
245 _aProposals to improve building standards
260 _c2002
490 _aScottish Executive Press Release
_v (SE5573) 22 March 2002, (2)
520 _aScottish Executive proposes new building standards system. Proposals include, ensuring greater consistency of standards across Scotland and the reduction of red tape and delays in the construction process.
590 _aWB
650 _aSCOTTISH EXECUTIVE
650 _aBUILDING STANDARDS
650 _aRED TAPE
650 _aCONSTRUCTION DELAYS
650 _aPROPERTY-RESIDENTIAL PROPERTY-ACQUISITION AND DISPOSAL OF RESIDENTIAL PROPERTY
650 _aHOUSE BUILDING
690 _aBUILT ENVIRONMENT-BUILDING STANDARDS
942 _n0
999 _c69838
_d69838